| 000 | 01064nam a22001457a 4500 | ||
|---|---|---|---|
| 999 |
_c524434 _d524434 |
||
| 008 | 231117b ||||| |||| 00| 0 eng d | ||
| 100 |
_aTula, Meenal _946111 |
||
| 245 | _aEconomies of care: Imagining food sovereign communities in Eastern Himalayas | ||
| 260 | _aSocial Action | ||
| 300 | _a73(4), Oct-Dec, 2023: p.364-377 | ||
| 520 | _aThrough field aberration experiences and interviews in Chizami, in Phek District, Nagaland. I came to think about economies of cure; a network of traditional subsistence-based practices in indigenous communities that are closely related to women’s care and care work today. I look at seeds, labour and food as sites of practicing care, and caring as a paradigm of community and multiplexes exchanges. The aim of the paper is to work towards two inter-related ends; one, to problematic the devaluation of women’s care work and two, to foreground the value of these economics of care for imagining, buildings, food sovereign communities. – Reproduced | ||
| 773 | _aSocial Action | ||
| 906 | _aLABOURS | ||
| 942 | _cAR | ||